000 00770nam a2200289Ia 4500
005 20260324141640.0
008 008 260324s9999 xx 000 0 eng d
020 _a9781315792989
037 _aEBOOK
040 _aCRL
040 _beng
040 _cCRL
041 _2eng
041 _aeng
084 _qCRL
100 _aC Michael Nelson; Robert J Illback
_91208977
245 0 _aEmerging School-Based Approaches for Children With Emotional and Behavioral Problems
245 0 _bResearch and Practice in Service Integration
260 _bTaylor and Francis
260 _c1996
365 _a
365 _b55.99
856 _uhttp://www.taylorfrancis.com/books/9781315792989
942 _cEBOOK
999 _c1812303
_d1812303